000 00787nam a22002897a 4500
001 4963
003 FISKH
005 20241028153937.0
008 241028b cb ||||| |||| 00| 0 eng d
020 _a0307118398
040 _aFISKH
_beng
_cFISKH
_dFISKH
050 _aPZ7.M462
082 _a372.4
100 _aMayer, Mercer
_d(1943-)
245 _aJust me and my dad /
_cBy Mercer Mayer
250 _a1977
260 _aNew York :
_bGolden,
_c1977.
300 _a23 pages :
_bColor illustrations ;
_c21 cm
505 _aJ
520 _aFather and son go camping, but who is really taking care of whom?
521 8 _a480L
_bLexile
521 8 _aJ
_bRaz-Plus
650 _2Little Critter
_aFiction
650 _2Family
_aCamping
942 _2ddc
_cBK
_n0
999 _c4963
_d4963